Metalografická analýza poškodených rúrok z kondenzátorov turbín JE Mochovce : Bakalárska práca

Uložené v:
Podrobná bibliografia
Hlavný autor: Baťo, Július (Autor)
Ďalší autori: Oltman, Jozef (xxx)
Médium: Rukopis Kniha
Jazyk:Slovak
Vydavateľské údaje: Trnava : STU v Bratislave MtF KMI, 2005
Predmet:
Tagy: Pridať tag
Žiadne tagy, Buďte prvý, kto otaguje tento záznam!

MARC

LEADER 00000ntm a22000003a 4500
001 stu97694
005 20160719155346.4
008 051118s2005----xo------------------slo-d
040 |a STU  |b slo 
041 0 |a slo 
044 |a xo 
100 1 |a Baťo, Július  |4 aut 
245 1 |a Metalografická analýza poškodených rúrok z kondenzátorov turbín JE Mochovce :  |b Bakalárska práca 
260 |a Trnava :  |b STU v Bratislave MtF KMI,  |c 2005 
300 |a 50 s  |c 1 CD 
650 7 |a materiálové inžinierstvo  |2 stusub 
650 7 |a metalografia  |2 stusub 
700 1 |a Oltman, Jozef  |4 xxx 
996 |b 284M063588  |c M*BP-1587  |l MMSKP  |s P  |a 0  |w stu97694_0001